Statistics for FIFA MANCHESTER UNITED TOP GOAL SCORERS QUIZ

Click here to take the quiz!

General Stats

  • This quiz has been taken 39 times
  • The average score is 10 of 13

Answer Stats

HintAnswer% Correct
PORCristiano Ronaldo
100%
SWEZlatan Ibrahimović
92%
ENGWayne Rooney
89%
PORBruno Fernandes
86%
FRAAnthony Martial
81%
ENGMarcus Rashford
81%
MEXJavier Hernández
75%
NEDRobin van Persie
75%
BELRomelu Lukaku
75%
BULDimitar Berbatov
72%
URUEdinson Cavani
67%
FRAPaul Pogba
64%
ENGMason Greenwood
25%

Score Distribution

Percentile by Number Answered

Percent of People with Each Score

Your Score History

You have not taken this quiz